000 00548nam a2200217Ia 4500
003 OSt
005 20220927114244.0
006 a|||||r|||| 00| 0
007 ta
008 220926b |||||||| |||| 00| 0 eng d
024 _a150378
037 _cTextbook
040 _aRTL
_cRTL
_beng
041 _2eng
_aeng
082 _a"X, M6/TD"
100 _aSKELDON Ronald
_9388019
245 0 _aOn migration patterns in India during the 1970's
260 _c1986
942 _h"X, M6/TD"
_cCC
999 _c703877
_d703877